| 000 | 00884nam a22002657a 4500 | ||
|---|---|---|---|
| 999 |
_c14871 _d14871 |
||
| 003 | MIRAKIL | ||
| 005 | 20220322154231.0 | ||
| 008 | 220322b tu ||||| |||| 00| 0 tur d | ||
| 020 | _a9786052280324 | ||
| 040 |
_aTR-AnCHP _cTR-AnCHP |
||
| 041 | _atur | ||
| 082 |
_a320.9561 _bC31y 2018 |
||
| 100 | _aCebe, Serdar | ||
| 245 | 1 | 0 |
_aYetenekli bay Zarrab : _bkod adı : Çikinova / _cSerdar Cebe, Can Kamiloğlu ; hazırlayan: Yeşim Demir |
| 246 | _akod adı : Çikinova | ||
| 260 |
_aİstanbul : _bSiyah Beyaz, _c2018. |
||
| 300 |
_a394 s. ; _bblg.; _c21 sm. |
||
| 500 | _aKapakta :Tüm belgeleriyle Zarrab davası | ||
| 600 | 0 |
_97048 _aZarrab, Reza _d1983- _xyolsuzluklar _zTürkiye |
|
| 650 | 0 |
_99 _aSiyaset ve yönetim _xSuistimal _zTürkiye |
|
| 700 |
_97046 _aKamiloğlu, Can |
||
| 700 |
_97047 _aDemir, Yeşim _ehaz. |
||
| 740 | _akod adı : Çikinova | ||
| 942 |
_2ddc _cBKS |
||